Avoncroft Construction Ltd v Sharba Homes (CN) Ltd (Record no. 80288)

MARC details
000 -LEADER
fixed length control field 01418cad a22002055a 4500
001 - CONTROL NUMBER
control field L143818
008 - FIXED-LENGTH DATA ELEMENTS--GENERAL INFORMATION
fixed length control field 080603e20080429xxk f v 000 0 eng d
035 ## - SYSTEM CONTROL NUMBER
System control number (Sirsi) u143818
041 0# - LANGUAGE CODE
Language code of text/sound track or separate title eng
245 00 - TITLE STATEMENT
Title Avoncroft Construction Ltd v Sharba Homes (CN) Ltd
Medium [electronic resource]
260 ## - PUBLICATION, DISTRIBUTION, ETC.
Date of publication, distribution, etc. 2008
520 ## - SUMMARY, ETC.
Summary, etc. [2008] EWHC 933 (TCC). Normally, a valid adjudicator's decision must be complied with. There is not usually any entitlement to withhold liquidated damages. The defendant resisted the application for enforcement of an adjudicators decision on the ground that it was entitled to set off LADs (liquidation damages clauses) against the sum awarded. Alternatively, the defendant sought a stay of execution, or an order that the money be paid into court and not distributed until the outcome of a second adjudication. The main issue was the withholding of liquidated damages from a sum directed to be paid by an adjudicator. Held: applications both rejected.
590 ## - LOCAL NOTE (RLIN)
Local note KA
650 24 - SUBJECT ADDED ENTRY--TOPICAL TERM
Topical term or geographic name entry element AVONCROFT CONSTRUCTION LTD V SHARBA HOMES (CN) LTD
650 24 - SUBJECT ADDED ENTRY--TOPICAL TERM
Topical term or geographic name entry element ARBITRATION ACT 1996
651 #4 - SUBJECT ADDED ENTRY--GEOGRAPHIC NAME
Geographic name England and Wales
Chronological subdivision 1543-
690 ## - LOCAL SUBJECT ADDED ENTRY--TOPICAL TERM (OCLC, RLIN)
Topical term or geographic name as entry element MANAGEMENT-DISPUTE AVOIDANCE, MANAGEMENT AND RESOLUTION-DISPUTE MANAGEMENT AND RESOLUTION-ALTERNATIVE DISPUTE RESOLUTION-ADJUDICATION
856 40 - ELECTRONIC LOCATION AND ACCESS
Uniform Resource Identifier <a href="https://www.bailii.org/ew/cases/EWHC/TCC/2008/933.html">https://www.bailii.org/ew/cases/EWHC/TCC/2008/933.html</a>
Public note View the judgment free of charge at www.baiili.org...
942 ## - ADDED ENTRY ELEMENTS (KOHA)
Suppress in OPAC 0
Holdings
Withdrawn status Lost status Source of classification or shelving scheme Damaged status Not for loan Home library Current library Shelving location Date acquired Total Checkouts Full call number Barcode Date last seen Copy number Price effective from Koha item type
    Dewey Decimal Classification     Virtual Virtual Online 03/06/2008   ONLINE PUBLICATION 143818-2001 06/08/2019 1 06/08/2019 Law report